Comment être père aujourd'hui (notice n° 1967652)
[ vue normale ]
| 000 -LEADER | |
|---|---|
| fixed length control field | 01285cam a2200133 4500500 |
| 005 - DATE AND TIME OF LATEST TRANSACTION | |
| control field | 20260329035051.0 |
| 041 ## - LANGUAGE CODE | |
| Language code of text/sound track or separate title | fre |
| 042 ## - AUTHENTICATION CODE | |
| Authentication code | dc |
| 100 10 - MAIN ENTRY--PERSONAL NAME | |
| Personal name | Le Camus, Jean |
| Relator term | author |
| 245 00 - TITLE STATEMENT | |
| Title | Comment être père aujourd'hui |
| 260 ## - PUBLICATION, DISTRIBUTION, ETC. | |
| Name of publisher, distributor, etc. | Odile Jacob,<br/> |
| Date of publication, distribution, etc. | 2005.<br/> |
| 520 ## - SUMMARY, ETC. | |
| Summary, etc. | Voilà quelques années déjà qu’on dénonce la trop fréquente absence des pères, qu’on parle de raréfaction, de crépuscule, de disparition, de déroute. Pour Jean Le Camus, au contraire, les pères sont là et bien là ; ils n’ont même jamais été aussi présents et impliqués auprès de leurs enfants. La vraie transformation est ailleurs, dans le fait que, aujourd’hui, les hommes ont le choix entre plusieurs modèles de paternité. Quels sont donc les grands types de pères qui prédominent aujourd’hui ? Quelles sont leurs caractéristiques, leurs forces, leurs faiblesses ? Quelle place laissent-ils à la mère ? Et qu’apportent-ils chacun au bien-être et à l’équilibre de l’enfant ? Psychologue, professeur émérite des universités, Jean Le Camus est spécialiste du développement du petit enfant. Il a notamment publié Le Vrai Rôle du père. |
| 856 41 - ELECTRONIC LOCATION AND ACCESS | |
| Uniform Resource Identifier | <a href="https://shs.cairn.info/comment-etre-pere-aujourd-hui--9782738114327?lang=fr&redirect-ssocas=7080">https://shs.cairn.info/comment-etre-pere-aujourd-hui--9782738114327?lang=fr&redirect-ssocas=7080</a> |
Pas d'exemplaire disponible.




Réseaux sociaux